| 000 | 00430nam a2200181Ia 4500 | ||
|---|---|---|---|
| 008 | 230524s9999 xx 000 0 und d | ||
| 020 | _a8121904714 | ||
| 082 |
_a515.5 _bNAR |
||
| 100 | _aShanti Narayan | ||
| 245 | 0 | _aDifferential Calculus | |
| 250 | _a1ST | ||
| 260 |
_aNEW DELHI _bS.Chand _c2008 |
||
| 300 | _aXIII;694 | ||
| 500 | _aQuantity Number: 300 | ||
| 650 | _aMathematics | ||
| 700 | _a P.K.Mittal | ||
| 942 | _cBK | ||
| 999 |
_c38932 _d38932 |
||